000 00665nam a22002417a 4500
003 UA-OsUOA
001 125121
007 ta
008 20170906b un ||||| |||| 00| 0 ukr d
100 _aЗавгородній Ю.
090 _a821.161.2
_bЗ-13
942 _cBK
040 _aUA-OsUOA
_bukr
_cUA-OsUOA
_dUA-OsUOA
245 _aНе в'яне полум'я свічі
_bвибрані твори
300 _a360 с.
955 _a3
041 _aukr
080 _a821.161.2
020 _a5-308-01755-9
260 _aК.
_bДніпро
_c2000
650 7 _a82 Література. Літературознавство
_2UDC
999 _c412345
_d412345